• 首页
  • 本馆介绍
  • 公告通知
  • 最新文献
  • 馆藏检索
  • 电子资源
  • 读者导购
  • 参考咨询
  • 我的图书馆
  • 登录
  • 详细信息显示
  • 放入我的书架
  • 预约/预借图书
  • 作者相关作品
  • 分类相关作品
  • 丛书相关作品
  • 出版社相关作品

书目信息

  • 表格格式
  • 工作单格式
  • 卡片格式
题名:
娓娓道来
    
 
作者: 陈伟 著
分册:  
出版信息: 哈尔滨   北方文艺出版社  2018
页数: 121页
开本: 21cm
丛书名:
单 册:
中图分类: I227.6
科图分类:
主题词: 散文诗--san wen shi--诗集--中国--当代
电子资源:
ISBN: 978-7-5317-4163-3
000 00957nam0 2200265 450
001 012001008405
005 20131022165709.0
010    @a978-7-5317-4163-3@dCNY36.00
099    @aCAL 012018060985
100    @a20180320d2018 em y0chiy50 ea
101 0  @achi
102    @aCN@b230000
105    @aa z 000gy
106    @ar
200 1  @a娓娓道来@Awei wei dao lai@d= Let me tell you my story@f陈伟著@zeng
210    @a哈尔滨@c北方文艺出版社@d2018
215    @a121页@c彩图@d21cm
314    @a陈伟, 湖北武汉人, 诗人, 武汉作家协会会员, 自由撰稿人, 著有《流光掠影》《刹那心光》等。
330    @a本书为作者的原创作品, 记录了作者一路的随感。全书娓娓道来作者对生活点滴的所思所想, 到世界各地旅行的所见所闻再到对人生的所感所悟。
510 1  @aLet me tell you my story@zeng
606 0  @a散文诗@Asan wen shi@x诗集@y中国@z当代
690    @aI227.6@v5
701  0 @a陈伟@Achen wei@4著
801  2 @aCN@b上海新华@c20191020
905    @b1180874-7@dI227.6@e675@f4
    
    娓娓道来= Let me tell you my story/陈伟著.-哈尔滨:北方文艺出版社,2018
    121页:彩图;21cm
    
    
    ISBN 978-7-5317-4163-3:CNY36.00
    本书为作者的原创作品, 记录了作者一路的随感。全书娓娓道来作者对生活点滴的所思所想, 到世界各地旅行的所见所闻再到对人生的所感所悟。
●
相关链接 在E读中查询图书 在五车中查询图书 在当当中查询图书 在豆瓣中查询图书


正题名:娓娓道来     索取号:I227.6/675         预约/预借

序号 登录号 条形码 馆藏地/架位号 状态 备注
1 1180874   211808748   第一样本阅览室/ [索取号:I227.6/675] 在馆    
2 1180875   211808757   第二借阅区/ [索取号:I227.6/675] 在馆    
3 1180876   211808766   第二借阅区/ [索取号:I227.6/675] 在馆    
4 1180877   211808775   第二借阅区/ [索取号:I227.6/675] 在馆    
唐山师范学院图书馆 欢迎您!
大连网信软件有限公司© 版权所有